| 000 | 00636nam a2200217Ia 4500 | ||
|---|---|---|---|
| 003 | OSt | ||
| 005 | 20220928143112.0 | ||
| 006 | a|||||r|||| 00| 0 | ||
| 007 | ta | ||
| 008 | 220927b |||||||| |||| 00| 0 eng d | ||
| 024 | _a21158 | ||
| 037 | _cTextual | ||
| 040 |
_aSDCL _cSDCL _beng |
||
| 041 |
_2eng _aeng |
||
| 082 | _aW691y7M18, M6 | ||
| 100 |
_aJohnston Les _9504668 |
||
| 245 | 0 |
_aMarxism,class analysis and socialist pluralism _bA theoretical and political critique of marxist conceptions of politics |
|
| 260 | _c1986 | ||
| 942 |
_hW691y7M18, M6 _cTEXL _2CC |
||
| 999 |
_c823213 _d823213 |
||